000 00983nam a2200265Ia 4500
003 OSt
005 20220923220510.0
006 a|||||r|||| 00| 0
007 ta
008 220922b |||||||| |||| 00| 0 hin d
024 _a187,001
037 _cTextual
040 _aARTS
_cARTS
_bhin
041 _2hin
_ahin
082 _aX8(F182).271, 152L7
100 _aयेव्गेनी, रूम्यान्तसेव
_9156298
245 0 _aमिलाई
_b यौवन और परिपक्वता
246 _aMilāī: yauvan aur paripakvatā
260 _aइलाहाबाद
_b सोवियत भूमि प्रकाशन
_c1977
300 _a140पृ.
_ccm.
650 _a भारतीय अर्थव्यवस्था
650 _aअर्थशास्त्र
942 _hX8(F182).271, 152L7
_cTEXL
_2CC
999 _c340244
_d340244